000 01446cam a2200325 a 4500
001 12511648
005 20030204150408.0
008 010823s2002 maua |rbf 001 0 eng
010 _a 2001043557
020 _a0632055723
020 _a9780632055722
040 _aDLC
_cDLC
050 0 0 _aTA685
_b.H39 2001
082 0 0 _a624.1821
_222
_bHAY
100 1 _aHayward, Alan.
_912462
245 1 0 _aSteel Detailers' Manual /
_cAlan Hayward and Frank Weare.
250 _a2nd ed. / revised by Anthony Oakhill.
260 _aMalden, MA :
_bBlackwell Science, 2002
_c2002
300 _avi, 167 p. :
_bill. ;
_c30 cm.
504 _aIncludes bibliographical references (p. [140]-144) and index.
650 0 _aSteel, Structural
_vHandbooks, manuals, etc.
_912463
650 0 _aBuilding, Iron and steel
_vHandbooks, manuals, etc.
_912464
650 0 _aBuilding, Iron and steel
_xDetails
_vHandbooks, manuals, etc.
_912465
700 1 _aWeare, Frank.
_912466
700 1 _aOakhill, Anthony,
_cC. Eng.
_912467
942 _2ddc
_cNB
999 _c13630
_d13630